000 00340nam a2200157Ia 4500
100 _aHarwani/B.M
650 _aJSF
942 _cBK
366 _f25
245 _aPractical JSF project using Netbeans
260 _bPrentice -Hall of India
_c2009
082 _a5.15
_bHAR
300 _a309
546 _aENGLISH
_cComputers
999 _c25682
_d25682